00863 2200325 4500001002100000005001500021035002500036008004100061020002200102040001700124041000800141082001500149084001700164090002100181090002100202090002100223100001600244245003300260250003000293260003500323300003800358504003000396650001800426850001200444007000300456999002100459990002100480990001800501990001800519INLIS00000000003093320190905022727 a0010-091700000000301170915s2017 yoia g | ind d a978-602-6215-27-7 aYOPDYOGbind0 aind04223a343.08 a343.08 RIK h aDEP 343.08 RIK h aCB-D.11/2017-654 aCB-D.11 2017-6540 aRiky Rustam0 aHukum jaminan /cRiky Rustam aCetakan Pertama, Mei 2017 aYogyakarta :bUII Press,c2017 axv, 329 halaman :btabel ;c23 cm aBibliografi: hlm. 323-329 4aHukum jaminan aYOPDYOGta aCB-D.11/2017-654 aCB-D.11/2017-654 a37520-PD/B.18 a37521-PD/B.18